| 000 | 00581nam a2200181Ii 4500 | ||
|---|---|---|---|
| 003 | JO-AjNU | ||
| 008 | 230606s9999||||xx |||||||||||||| ||und|| | ||
| 040 |
_aJO-AjNU _beng _erda _cJO-AjNU |
||
| 041 | _aeng | ||
| 050 | 1 | 4 | _aE178.O985 1976 |
| 245 | 0 | 3 | _aAn outline Of American History |
| 264 | 3 | 1 | _aAmerican Revolution Bicentennial, 1976 |
| 300 |
_a184p _bIncludes bibliographical references |
||
| 336 |
_atext _btxt _2rdacontent |
||
| 337 |
_aunmediated _bn _2rdamedia |
||
| 338 |
_avolume _bnc _2rdacarrier |
||
| 650 | 4 |
_aUnited States -- History -- Outlines, syllabi, etc. _95579 |
|
| 999 |
_aE2887 _c2885 _d2885 |
||